International Test Cricket - 25 highest wicket-takers (bowlers) - Statistics

General Stats
  • This quiz has been taken 858 times
  • The average score is 19 of 25
Answer Stats
Wickets (Country) Answer % Correct
708 (Australia) Shane Warne
98%
563 (Aust) Glenn McGrath
94%
800 (Sri Lanka) Muttiah Muralitharan
93%
310 (Aus) Brett Lee
91%
619 (India) Anil Kumble
90%
343 (Eng) Jimmy Anderson
89%
519 (West Indies) Courtney Walsh
84%
414 (Pakistan) Wasim Akram
84%
405 (WI) Curtley Ambrose
82%
434 (India) Kapil Dev
82%
421 (South Africa) Shaun Pollock
82%
431 (New Zealand) Richard Hadlee
78%
362 (SA) Dale Steyn
77%
383 (Eng) Ian Botham
77%
373 (Pak) Waqar Younis
76%
362 (Pak) Imran Khan
75%
413 (Ind) Harbhajan Singh
74%
311 (Ind) Zaheer Khan
73%
360 (NZ) Daniel Vettori
71%
330 (SA) Alan Donald
68%
376 (WI) Malcolm Marshall
66%
355 (SL) Chaminda Vaas
65%
390 (SA) Makhaya Ntini
62%
355 (Aust) Dennis Lillee
61%
325 (Eng) Bob Willis
45%
No matching quizzes found
Score Distribution
Percent of People with Each Score
Percentile by Number Answered
Your Score History
You have not taken this quiz